Maillot du FC Barcelone par saison - Statistiques

Statistiques générales
  • Ce quiz a été pris 251 fois
    52 depuis la dernière actualisation
  • Le résultat moyen est 14 sur 17
Statistiques - réponses
Par images Réponse % Correct
2024/2025
100%
2014/2015
93%
2021/2022
93%
2023/2024
93%
2015/2016
91%
2010/2011
88%
2020/2021
88%
2013/2014
86%
2018/2019
86%
2022/2023
86%
2025/2026
86%
2009/2010
84%
2011/2012
81%
2016/2017
72%
2019/2020
60%
2012/2013
58%
2017/2018
53%
Aucun quiz correspondant
Distribution des résultats
% des personnes avec chaque résultat
Percentile par nombre de réponses
Votre historique - résultats
Vous n’avez pas pris ce quiz depuis la dernière actualisation